[Event "CAN-op"]
[Site "Ottawa CAN"]
[Date "1998.07.19"]
[Round "10"]
[White "Lecorre, Joel"]
[Black "Veltmann, Alfred"]
[Result "1/2-1/2"]
[WhiteElo "1678"]
[BlackElo "1949"]
[PlyCount "63"]
[GameId "2160767911872786"]
[EventDate "1998.07.11"]
[EventType "swiss"]
[EventRounds "10"]
[EventCountry "CAN"]

1. e4 e5 2. Nf3 Nc6 3. Bb5 a6 4. Ba4 Nf6 5. O-O b5 6. Bb3 Be7 7. Re1 O-O 8. c3 d6 9. d4 Bg4 10. d5 Na5 11. Bc2 h6 12. b4 Nc4 13. Nbd2 Nxd2 14. Bxd2 Qd7 15. Bd3 c6 16. c4 Rfc8 17. Qe2 cxd5 18. cxd5 Nh7 19. h3 Bh5 20. g4 Bg6 21. Rac1 h5 22. Nh2 hxg4 23. Qxg4 Qxg4+ 24. hxg4 f6 25. Rxc8+ Rxc8 26. Rc1 Rxc1+ 27. Bxc1 Be8 28. Be3 Bd8 29. Kg2 g5 30. Nf1 Nf8 31. Ng3 Bf7 32. f3 1/2-1/2

[Event "CAN-op"]
[Site "Ottawa CAN"]
[Date "1998.07.19"]
[Round "10"]
[White "Pacey, Kevin"]
[Black "Cabanas, Francisco"]
[Result "1-0"]
[WhiteElo "2305"]
[BlackElo "2171"]
[PlyCount "43"]
[GameId "2160767911872787"]
[EventDate "1998.07.11"]
[EventType "swiss"]
[EventRounds "10"]
[EventCountry "CAN"]
[SourceTitle "EXT 2022"]
[Source "ChessBase"]
[SourceDate "2021.10.06"]
[SourceVersion "1"]
[SourceVersionDate "2021.10.06"]
[SourceQuality "1"]

1. e4 d5 2. Nc3 d4 3. Nce2 e5 4. Ng3 Bd6 5. Bc4 Nf6 6. d3 O-O 7. Nf3 Nc6 8. a3 Ne7 9. Nh4 a6 10. h3 b5 11. Ba2 c5 12. O-O h6 13. Qf3 Qc7 14. Bxh6 Nxe4 15. Nxe4 gxh6 16. Nf6+ Kh8 17. Qxa8 Nc6 18. Nd5 Qd7 19. Nb6 Qc7 20. Nxc8 Rxc8 21. Qxa6 Rb8 22. Bd5 1-0

[Event "CYCC-U10"]
[Site "Montreal CAN"]
[Date "1998.01.31"]
[Round "1"]
[White "Predescu, Sebastian"]
[Black "Lasker, Justin"]
[Result "1-0"]
[WhiteElo "1662"]
[BlackElo "1205"]
[PlyCount "57"]
[GameId "2160767911873960"]
[EventDate "1998.01.31"]
[EventType "swiss"]
[EventRounds "5"]
[EventCountry "CAN"]

1. d4 d5 2. Nf3 Nc6 3. Bf4 Nf6 4. e3 Bf5 5. c3 e6 6. Bd3 Bxd3 7. Qxd3 Bd6 8. Bg3 Bxg3 9. hxg3 Qd6 10. Nbd2 O-O-O 11. O-O-O Ng4 12. Qe2 e5 13. Ng5 Qf6 14. Qxg4+ Kb8 15. Nh3 h5 16. Qg5 Qxg5 17. Nxg5 f6 18. Nf7 Rhf8 19. Nxd8 Rxd8 20. Rxh5 g6 21. Rh6 Rg8 22. Rdh1 Ne7 23. Rh8 Rxh8 24. Rxh8+ Nc8 25. dxe5 fxe5 26. Nf3 e4 27. Ne5 g5 28. Nd7+ Ka8 29. Rxc8# 1-0

[Event "CYCC-U10"]
[Site "Montreal CAN"]
[Date "1998.01.31"]
[Round "2"]
[White "Lasker, Justin"]
[Black "Johnson, Kyle"]
[Result "0-1"]
[WhiteElo "1205"]
[BlackElo "1289"]
[PlyCount "50"]
[GameId "2160767911873962"]
[EventDate "1998.01.31"]
[EventType "swiss"]
[EventRounds "5"]
[EventCountry "CAN"]

1. e4 e5 2. Nf3 Nc6 3. Bc4 Nf6 4. Ng5 Nxe4 5. Nxe4 d5 6. d3 dxc4 7. dxc4 Qxd1+ 8. Kxd1 Bg4+ 9. f3 O-O-O+ 10. Ke2 Bf5 11. Kf2 Bxe4 12. fxe4 Bc5+ 13. Be3 Bxe3+ 14. Kxe3 Rhf8 15. Kf2 f5 16. Rf1 fxe4+ 17. Kg1 Nd4 18. Nc3 Rf5 19. Rxf5 Nxf5 20. Rf1 e3 21. Rxf5 e4 22. Re5 a6 23. Rxe4 b5 24. cxb5 axb5 25. Nxb5 Rd1# 0-1

[Event "CYCC-U10"]
[Site "Montreal CAN"]
[Date "1998.02.01"]
[Round "4"]
[White "Lasker, Justin"]
[Black "Davies, Lucas"]
[Result "0-1"]
[WhiteElo "1205"]
[BlackElo "1426"]
[PlyCount "52"]
[GameId "2160767911873971"]
[EventDate "1998.01.31"]
[EventType "swiss"]
[EventRounds "5"]
[EventCountry "CAN"]

1. e4 e5 2. Nf3 Nc6 3. Bc4 Nf6 4. Ng5 d5 5. exd5 Na5 6. Qe2 Be7 7. a3 Bf5 8. d3 O-O 9. O-O Nxd5 10. h4 h6 11. b4 Nxc4 12. dxc4 Nb6 13. Rd1 Bd7 14. Qe4 hxg5 15. Qxe5 Bf6 16. Qg3 Bxa1 17. Nc3 gxh4 18. Qf3 Nxc4 19. g3 Bc6 20. Qg4 Qc8 21. Qxh4 Bxc3 22. Rd3 Re8 23. Kh2 Re1 24. Rd8+ Qxd8 25. Qxd8+ Rxd8 26. Bf4 Rh1# 0-1

[Event "CYCC-U10"]
[Site "Montreal CAN"]
[Date "1998.02.01"]
[Round "4"]
[White "Predescu, Sebastian"]
[Black "Johnson, Kyle"]
[Result "0-1"]
[WhiteElo "1662"]
[BlackElo "1289"]
[PlyCount "80"]
[GameId "2160767911873973"]
[EventDate "1998.01.31"]
[EventType "swiss"]
[EventRounds "5"]
[EventCountry "CAN"]

1. d4 d5 2. Nf3 Nf6 3. Bf4 Bf5 4. e3 Nc6 5. c3 e6 6. Bd3 Bxd3 7. Qxd3 Be7 8. Nbd2 O-O 9. Rc1 Re8 10. a3 Bd6 11. Bg3 Bxg3 12. hxg3 e5 13. dxe5 Nxe5 14. Nxe5 Rxe5 15. Nf3 Re8 16. Rd1 c5 17. O-O c4 18. Qc2 g6 19. Rd4 Kg7 20. Rfd1 Rh8 21. Ne5 Qe7 22. Ng4 Ne4 23. Rxd5 h5 24. Re5 Qc7 25. Qxe4 hxg4 26. Re7 Qb6 27. Qd4+ Qxd4 28. Rxd4 Rab8 29. Rxc4 b5 30. Rcc7 Rbf8 31. Rxa7 g5 32. Rab7 Kg6 33. Rxb5 Rd8 34. Kf1 Rd2 35. Rb6+ f6 36. Ke1 Rc2 37. Kd1 Rxf2 38. Ke1 Rxg2 39. Kf1 Rc2 40. Kg1 Rd8 0-1

[Event "CYCC-U10"]
[Site "Montreal CAN"]
[Date "1998.02.01"]
[Round "5"]
[White "Davies, Lucas"]
[Black "Johnson, Kyle"]
[Result "1-0"]
[WhiteElo "1426"]
[BlackElo "1290"]
[PlyCount "71"]
[GameId "2160767911873975"]
[EventDate "1998.01.31"]
[EventType "swiss"]
[EventRounds "5"]
[EventCountry "CAN"]

1. e4 e5 2. Nf3 Nc6 3. Bc4 Nf6 4. d3 Bc5 5. c3 O-O 6. Bg5 d6 7. h3 h6 8. Bh4 Kh8 9. Qd2 Qe7 10. b4 Bb6 11. Na3 Be6 12. Bb5 Kh7 13. Nc4 Bxc4 14. Bxc4 a5 15. b5 Na7 16. Rb1 Qd7 17. Bxf6 gxf6 18. h4 Rg8 19. Rg1 Qg4 20. Bxf7 Rgf8 21. Bc4 f5 22. Be6 Qg6 23. Bxf5 Rxf5 24. exf5 Qxf5 25. Qe2 Re8 26. Qe4 Qxe4+ 27. dxe4 Rd8 28. c4 c6 29. bxc6 Nxc6 30. Rxb6 Nd4 31. Rxb7+ Kg6 32. Nxd4 exd4 33. f4 Rc8 34. f5+ Kf6 35. g4 Rxc4 36. g5+ 1-0

[Event "CYCC-U12"]
[Site "Montreal CAN"]
[Date "1998.01.31"]
[Round "1"]
[White "Divljan, Igor"]
[Black "Hazeltine, Stephen"]
[Result "1-0"]
[WhiteElo "1966"]
[BlackElo "1248"]
[PlyCount "69"]
[GameId "2160767911873978"]
[EventDate "1998.01.31"]
[EventType "swiss"]
[EventRounds "5"]
[EventCountry "CAN"]

1. d4 d5 2. c4 Nc6 3. e3 e6 4. Nf3 Nf6 5. Be2 Be7 6. O-O O-O 7. Nc3 b6 8. Ne5 Qd6 9. Nb5 Qd8 10. Nxc6 Qe8 11. Nxe7+ Qxe7 12. b3 c6 13. Ba3 c5 14. dxc5 bxc5 15. cxd5 Nxd5 16. Qc2 Nb4 17. Bxb4 cxb4 18. Qc7 Re8 19. Bf3 Bd7 20. Bxa8 Bxb5 21. Qxe7 Rxe7 22. Rfd1 g6 23. h3 e5 24. Rac1 e4 25. g4 Re5 26. Rd8+ Kg7 27. Rc7 a6 28. Bd5 Kh6 29. Rxf7 Rg5 30. Rh8 Rxg4+ 31. hxg4 Bd7 32. Rxd7 a5 33. Bxe4 a4 34. f4 g5 35. Rhxh7# 1-0

[Event "CYCC-U12"]
[Site "Montreal CAN"]
[Date "1998.01.31"]
[Round "1"]
[White "Goutor, Yaroslav"]
[Black "Kovacs, Pal"]
[Result "0-1"]
[WhiteElo "1472"]
[BlackElo "1904"]
[PlyCount "112"]
[GameId "2160767911873979"]
[EventDate "1998.01.31"]
[EventType "swiss"]
[EventRounds "5"]
[EventCountry "CAN"]

1. e4 d5 2. exd5 Nf6 3. Nc3 Nxd5 4. Nxd5 Qxd5 5. Nf3 g6 6. c3 Bg7 7. d4 O-O 8. Be2 Rd8 9. O-O Bg4 10. h3 Bf5 11. Bf4 Qd7 12. Ne5 Qc8 13. Bg4 Bxg4 14. Qxg4 Qxg4 15. Nxg4 c6 16. Rfe1 Re8 17. Re2 Nd7 18. Rae1 e6 19. Ne5 Bxe5 20. dxe5 Nc5 21. Rd1 b6 22. c4 Red8 23. Rxd8+ Rxd8 24. Rd2 Rxd2 25. Bxd2 Nd3 26. Bc3 Nc1 27. a3 Ne2+ 28. Kf1 Nxc3 29. bxc3 c5 30. Ke2 Kf8 31. f4 Ke7 32. Kf3 Kd7 33. Kg4 h6 34. h4 Kc6 35. a4 a6 36. h5 b5 37. axb5+ axb5 38. cxb5+ Kxb5 39. Kh4 Kc4 40. g4 Kxc3 41. g5 hxg5+ 42. fxg5 gxh5 43. Kxh5 Kd4 44. Kh6 c4 45. Kg7 c3 46. Kxf7 c2 47. g6 c1=Q 48. Kxe6 Qc6+ 49. Kf7 Qd5+ 50. Kf8 Qxe5 51. g7 Qf6+ 52. Kg8 Ke5 53. Kh7 Qf7 54. Kh8 Qh5+ 55. Kg8 Kf6 56. Kf8 Qf7# 0-1

[Event "CYCC-U12"]
[Site "Montreal CAN"]
[Date "1998.01.31"]
[Round "1"]
[White "Khaziyeva, Dinara"]
[Black "Landry, Scott"]
[Result "1-0"]
[WhiteElo "1764"]
[BlackElo "1395"]
[PlyCount "55"]
[GameId "2160767911873980"]
[EventDate "1998.01.31"]
[EventType "swiss"]
[EventRounds "5"]
[EventCountry "CAN"]

1. e4 e5 2. Nf3 Nc6 3. Bb5 Nf6 4. d3 Bb4+ 5. c3 Be7 6. O-O O-O 7. Re1 d5 8. Bxc6 bxc6 9. exd5 cxd5 10. Nxe5 Bd6 11. d4 Bb7 12. Bg5 g6 13. Ng4 Be7 14. Qf3 Re8 15. Nd2 Nxg4 16. Bxe7 Qd7 17. Bg5 f5 18. h3 h6 19. Bh4 g5 20. hxg4 gxh4 21. gxf5 Rxe1+ 22. Rxe1 Re8 23. Qg4+ Kh8 24. Rxe8+ Qxe8 25. f6 Qf7 26. Qxh4 Kh7 27. Nf3 Kg8 28. Ne5 1-0

[Event "CYCC-U12"]
[Site "Montreal CAN"]
[Date "1998.01.31"]
[Round "1"]
[White "Ledent, Tristan"]
[Black "Wang, Hao Yuan"]
[Result "1/2-1/2"]
[WhiteElo "1599"]
[BlackElo "2063"]
[PlyCount "60"]
[GameId "2160767911873981"]
[EventDate "1998.01.31"]
[EventType "swiss"]
[EventRounds "5"]
[EventCountry "CAN"]

1. e4 e6 2. d4 d5 3. exd5 exd5 4. Nf3 Nf6 5. c4 c6 6. Nc3 Be7 7. h3 O-O 8. Bd3 Re8 9. O-O Bd6 10. Qb3 b6 11. Bg5 Ba6 12. Rad1 dxc4 13. Bxc4 Bxc4 14. Qxc4 Be7 15. Ne5 Nd5 16. Be3 Bf6 17. Ng4 Qd6 18. Rfe1 Nd7 19. Re2 Re7 20. Rde1 Rae8 21. Nxd5 cxd5 22. Qd3 Nb8 23. g3 Nc6 24. Bf4 Qd7 25. Nxf6+ gxf6 26. Rxe7 Rxe7 27. Rxe7 Qxe7 28. a3 Qe6 29. Kg2 f5 30. Qe3 Kf8 1/2-1/2

[Event "CYCC-U12"]
[Site "Montreal CAN"]
[Date "1998.01.31"]
[Round "1"]
[White "Tsui, Edwin"]
[Black "Gushuliak, Justin"]
[Result "0-1"]
[WhiteElo "1239"]
[BlackElo "1689"]
[PlyCount "102"]
[GameId "2160767911873982"]
[EventDate "1998.01.31"]
[EventType "swiss"]
[EventRounds "5"]
[EventCountry "CAN"]

1. g3 Nf6 2. Bg2 g6 3. d3 d5 4. e3 Bg7 5. Ne2 O-O 6. Nbc3 c6 7. b3 Qc7 8. Bb2 Nbd7 9. Qd2 Re8 10. O-O e5 11. f4 exf4 12. Nxf4 Ne5 13. Kh1 Bf5 14. Rad1 Rad8 15. Nce2 Neg4 16. Rfe1 Nf2+ 17. Kg1 Nxd1 18. Rxd1 Ng4 19. Bxg7 Kxg7 20. Nd4 Bc8 21. Qc3 Qe5 22. Re1 c5 23. Qxc5 b6 24. Qc3 Bb7 25. h3 Nf6 26. Qb4 g5 27. Nf3 Qc7 28. Nxg5 Qxc2 29. Qd4 Qc6 30. Nh5+ Kg6 31. g4 Nxh5 32. gxh5+ Kxg5 33. Qf4+ Kxh5 34. Qxf7+ Kh6 35. Rf1 Re6 36. Rf5 Rg6 37. Rf4 Rxg2+ 38. Kxg2 Qg6+ 39. Kf3 Qxf7 40. Rxf7 Rb8 41. Kf4 Kg6 42. Rc7 a5 43. e4 Rf8+ 44. Ke5 Re8+ 45. Kd4 dxe4 46. Rxb7 e3 47. Rxb6+ Kg7 48. b4 axb4 49. Rxb4 e2 50. a4 e1=Q 51. Rc4 Qe5# 0-1

[Event "CYCC-U12"]
[Site "Montreal CAN"]
[Date "1998.01.31"]
[Round "2"]
[White "Gushuliak, Justin"]
[Black "Divljan, Igor"]
[Result "1-0"]
[WhiteElo "1689"]
[BlackElo "1966"]
[PlyCount "37"]
[GameId "2160767911873983"]
[EventDate "1998.01.31"]
[EventType "swiss"]
[EventRounds "5"]
[EventCountry "CAN"]

1. e4 e5 2. Nf3 d6 3. Bc4 f5 4. d4 exd4 5. exf5 d5 6. Bb3 Qe7+ 7. Kf1 c5 8. Bxd5 Bxf5 9. Bg5 Qd7 10. Qe2+ Ne7 11. Bf7+ Kd8 12. Ne5 Qc7 13. Bf4 Qb6 14. b3 Nd7 15. Na3 Nxe5 16. Qxe5 Rc8 17. Bg5 Bg6 18. Qd5+ Kc7 19. Bf4+ 1-0

[Event "CYCC-U12"]
[Site "Montreal CAN"]
[Date "1998.01.31"]
[Round "2"]
[White "Hazeltine, Stephen"]
[Black "Ledent, Tristan"]
[Result "1-0"]
[WhiteElo "1248"]
[BlackElo "1599"]
[PlyCount "55"]
[GameId "2160767911873984"]
[EventDate "1998.01.31"]
[EventType "swiss"]
[EventRounds "5"]
[EventCountry "CAN"]

1. e4 d5 2. Nc3 dxe4 3. Nxe4 Bf5 4. Nc3 Nf6 5. Bc4 e6 6. Nf3 Nc6 7. O-O Bg4 8. h3 Bh5 9. Be2 Bc5 10. d3 h6 11. Bf4 O-O 12. Ne5 Bxe2 13. Qxe2 Nxe5 14. Bxe5 Bd6 15. Bd4 Re8 16. f4 c5 17. Bxf6 Qxf6 18. Ne4 Qd4+ 19. Kh1 Rad8 20. c3 Qd5 21. Rf3 f5 22. Ng3 g6 23. Nh5 gxh5 24. Rg3+ Kh7 25. Qxh5 Re7 26. Qg6+ Kh8 27. Qxh6+ Rh7 28. Qf6+ 1-0

[Event "CYCC-U12"]
[Site "Montreal CAN"]
[Date "1998.01.31"]
[Round "2"]
[White "Kovacs, Pal"]
[Black "Khaziyeva, Dinara"]
[Result "1-0"]
[WhiteElo "1904"]
[BlackElo "1966"]
[PlyCount "75"]
[GameId "2160767911873985"]
[EventDate "1998.01.31"]
[EventType "swiss"]
[EventRounds "5"]
[EventCountry "CAN"]

1. d4 Nf6 2. Nf3 g6 3. c4 c5 4. d5 b5 5. cxb5 a6 6. e3 Bg7 7. b6 d6 8. Nc3 Nbd7 9. Qa4 O-O 10. e4 Nxb6 11. Qd1 Rb8 12. Bd3 Nbd7 13. O-O Ng4 14. Bc2 Nge5 15. Nd2 Nb6 16. Qe2 e6 17. f4 Ned7 18. dxe6 fxe6 19. Bb3 Nf6 20. f5 d5 21. fxe6 c4 22. exd5 Nfxd5 23. Rxf8+ Kxf8 24. Qf3+ Nf6 25. Qf4 Bxe6 26. Bxc4 Nxc4 27. Nxc4 Bxc4 28. Qxc4 Nh5 29. Be3 Be5 30. Bh6+ Ng7 31. Rf1+ Bf6 32. Bg5 Rb6 33. Nd5 Nf5 34. Bxf6 Rxf6 35. Nxf6 Qxf6 36. g4 Qxb2 37. Qc5+ Kg7 38. gxf5 1-0

[Event "CYCC-U12"]
[Site "Montreal CAN"]
[Date "1998.01.31"]
[Round "2"]
[White "Landry, Scott"]
[Black "Tsui, Edwin"]
[Result "1-0"]
[WhiteElo "1395"]
[BlackElo "1239"]
[PlyCount "83"]
[GameId "2160767911873986"]
[EventDate "1998.01.31"]
[EventType "swiss"]
[EventRounds "5"]
[EventCountry "CAN"]

1. e4 c5 2. Nf3 d6 3. d4 cxd4 4. Nxd4 Nf6 5. Bb5+ Bd7 6. Bc4 e6 7. Nc3 a6 8. O-O Be7 9. Qf3 Nc6 10. Nb3 Qc7 11. Bf4 O-O 12. Nc5 e5 13. Nxd7 Nxd7 14. Nd5 Qd8 15. Be3 b5 16. Be2 Nf6 17. Bb6 Qb8 18. Nxe7+ Nxe7 19. Be3 Qb7 20. Qg3 Nxe4 21. Qh4 Ng6 22. Qg4 Nf6 23. Qb4 Rac8 24. Bf3 Qe7 25. c3 d5 26. Qa5 e4 27. Be2 Qd6 28. b4 Qc7 29. Qxa6 Qxc3 30. Rac1 Qb2 31. Rxc8 Qxe2 32. Rxf8+ Nxf8 33. Bc5 h6 34. Bxf8 Kxf8 35. Qc8+ Ke7 36. Qc5+ Ke6 37. Qc6+ Kf5 38. f3 Qe3+ 39. Kh1 Kg6 40. Qxb5 d4 41. fxe4 Nxe4 42. Qf5# 1-0

[Event "CYCC-U12"]
[Site "Montreal CAN"]
[Date "1998.01.31"]
[Round "2"]
[White "Wang, Hao Yuan"]
[Black "Goutor, Yaroslav"]
[Result "1-0"]
[WhiteElo "2063"]
[BlackElo "1472"]
[PlyCount "45"]
[GameId "2160767911873987"]
[EventDate "1998.01.31"]
[EventType "swiss"]
[EventRounds "5"]
[EventCountry "CAN"]

1. e4 e5 2. Nf3 Nc6 3. Bc4 Bc5 4. O-O d6 5. h3 Nf6 6. d3 h6 7. c3 Na5 8. b4 Nxc4 9. bxc5 Na5 10. cxd6 Qxd6 11. Ba3 Qb6 12. Nxe5 Nc6 13. Nc4 Qb5 14. Nbd2 Qg5 15. Nf3 Qg6 16. Nce5 Nxe5 17. Nxe5 Qg5 18. Nf3 Qh5 19. Nd4 Qg6 20. Qf3 Nd7 21. Nf5 Ne5 22. Qf4 Qe6 23. Nxg7+ 1-0

[Event "CYCC-U12"]
[Site "Montreal CAN"]
[Date "1998.01.31"]
[Round "3"]
[White "Divljan, Igor"]
[Black "Wang, Hao Yuan"]
[Result "1-0"]
[WhiteElo "1966"]
[BlackElo "2063"]
[PlyCount "129"]
[GameId "2160767911873988"]
[EventDate "1998.01.31"]
[EventType "swiss"]
[EventRounds "5"]
[EventCountry "CAN"]

1. d4 e6 2. c4 Nf6 3. Nf3 b6 4. g3 Bb7 5. Bg2 d5 6. O-O Nbd7 7. cxd5 exd5 8. Nc3 Be7 9. Bf4 a6 10. Qc2 Nh5 11. Qf5 Nxf4 12. gxf4 Nf6 13. Kh1 g6 14. Qd3 Ne4 15. Nd2 Nxd2 16. Qxd2 Qd7 17. Rac1 O-O 18. e3 Bf6 19. b4 Rfe8 20. Rg1 Kh8 21. Qc2 Rac8 22. Ne2 Be7 23. a3 c5 24. dxc5 bxc5 25. Qb2+ Kg8 26. bxc5 Bxc5 27. Rgd1 Qe7 28. Rc3 Red8 29. Rcd3 Bc6 30. Nd4 Bxd4 31. Rxd4 Rd6 32. Qb4 Qd7 33. e4 Rd8 34. e5 Re6 35. Bh3 Qc7 36. Bxe6 fxe6 37. Rc1 Qd7 38. Qc5 Bb5 39. Qc7 Qe8 40. a4 Rd7 41. Qb6 Be2 42. Qb3 Bc4 43. Qd1 Rc7 44. Rb1 Qc6 45. f5 gxf5 46. Rb8+ Rc8 47. Rxc8+ Qxc8 48. Qh5 Qf8 49. Rd1 Kh8 50. Rg1 d4 51. Qg5 Bd5+ 52. Rg2 Bxg2+ 53. Qxg2 d3 54. Qf1 Qd8 55. Kg2 d2 56. Qd1 Qd3 57. f3 Qe3 58. Kf1 Kg7 59. Qe2 f4 60. Qd1 Kg6 61. Qc2+ Kg5 62. h4+ Kxh4 63. Qxh7+ Kg3 64. Qg6+ Kxf3 65. Qg2# 1-0

[Event "CYCC-U12"]
[Site "Montreal CAN"]
[Date "1998.01.31"]
[Round "3"]
[White "Gushuliak, Justin"]
[Black "Kovacs, Pal"]
[Result "1-0"]
[WhiteElo "1689"]
[BlackElo "1904"]
[PlyCount "39"]
[GameId "2160767911873989"]
[EventDate "1998.01.31"]
[EventType "swiss"]
[EventRounds "5"]
[EventCountry "CAN"]

1. e4 d5 2. exd5 Nf6 3. d4 Bg4 4. Nf3 Nxd5 5. Be2 g6 6. h3 Bf5 7. O-O Bg7 8. Nbd2 Qd7 9. Nc4 Nc6 10. c3 f6 11. Qb3 O-O-O 12. Nh2 g5 13. Bf3 Be6 14. Rd1 h5 15. Be4 Rdg8 16. Nf1 Bf8 17. Nfe3 f5 18. Bxd5 Bxd5 19. Nxd5 Qxd5 20. Nb6+ 1-0

[Event "CYCC-U12"]
[Site "Montreal CAN"]
[Date "1998.01.31"]
[Round "3"]
[White "Khaziyeva, Dinara"]
[Black "Hazeltine, Stephen"]
[Result "1-0"]
[WhiteElo "1764"]
[BlackElo "1248"]
[PlyCount "61"]
[GameId "2160767911873990"]
[EventDate "1998.01.31"]
[EventType "swiss"]
[EventRounds "5"]
[EventCountry "CAN"]

1. e4 e5 2. Nf3 Nc6 3. Bb5 Bc5 4. d3 d6 5. h3 h6 6. c3 Nf6 7. O-O O-O 8. Be3 Be6 9. Nbd2 Bxe3 10. fxe3 a6 11. Ba4 b5 12. Bc2 d5 13. d4 Qd6 14. b3 a5 15. c4 dxe4 16. Nxe4 Nxe4 17. Bxe4 exd4 18. cxb5 Bd5 19. Bxd5 Qxd5 20. bxc6 Qxc6 21. Nxd4 Qg6 22. Qf3 Rfe8 23. Rac1 Rac8 24. Rc6 Qg5 25. Qxf7+ Kh8 26. Nf5 Rf8 27. Qd5 g6 28. Qe5+ Rf6 29. Rxf6 Qxf6 30. Qxf6+ Kh7 31. Qg7# 1-0

[Event "CYCC-U12"]
[Site "Montreal CAN"]
[Date "1998.01.31"]
[Round "3"]
[White "Ledent, Tristan"]
[Black "Landry, Scott"]
[Result "0-1"]
[WhiteElo "1599"]
[BlackElo "1395"]
[PlyCount "84"]
[GameId "2160767911873991"]
[EventDate "1998.01.31"]
[EventType "swiss"]
[EventRounds "5"]
[EventCountry "CAN"]

1. e4 e5 2. Nf3 Nc6 3. Bc4 Be7 4. Nc3 d6 5. h3 Bf6 6. d4 Nge7 7. Be3 Nxd4 8. Bxd4 exd4 9. Ne2 c5 10. O-O O-O 11. Qd2 Bd7 12. c3 Qc8 13. Rac1 Bxh3 14. gxh3 Qxh3 15. Ng3 Qg4 16. Kg2 Ng6 17. Nh2 Nh4+ 18. Kh1 Qh3 19. f4 Qxg3 20. Rg1 Qh3 21. Rcf1 dxc3 22. bxc3 h6 23. f5 Bg5 24. Qe1 Qe3 25. Qxe3 Bxe3 26. Rg4 Bg5 27. Bd5 Rab8 28. Nf3 Nxf3 29. Rxf3 b6 30. f6 g6 31. a4 b5 32. Bb3 bxa4 33. Bxa4 Rb1+ 34. Rg1 Rxg1+ 35. Kxg1 Rb8 36. c4 Rb1+ 37. Kg2 Ra1 38. Bb3 a5 39. Rf2 a4 40. Ba2 Be3 41. Re2 Bd4 42. Kf3 Bxf6 0-1

[Event "CYCC-U12"]
[Site "Montreal CAN"]
[Date "1998.02.01"]
[Round "4"]
[White "Hazeltine, Stephen"]
[Black "Goutor, Yaroslav"]
[Result "0-1"]
[WhiteElo "1248"]
[BlackElo "1472"]
[PlyCount "44"]
[GameId "2160767911873992"]
[EventDate "1998.01.31"]
[EventType "swiss"]
[EventRounds "5"]
[EventCountry "CAN"]

1. e4 e5 2. Nf3 Nc6 3. Bc4 Bc5 4. Nc3 Nf6 5. O-O d6 6. h3 h6 7. d3 Be6 8. Bxe6 fxe6 9. Qe2 Qe7 10. Be3 Nd4 11. Bxd4 Bxd4 12. Qd2 Bb6 13. Qe2 g5 14. Rfd1 Qg7 15. Nh2 h5 16. Qf3 g4 17. hxg4 hxg4 18. Qg3 O-O-O 19. Kf1 Rdg8 20. Ke2 Nh5 21. Qxg4 Qxg4+ 22. Nxg4 Rxg4 0-1

[Event "CYCC-U12"]
[Site "Montreal CAN"]
[Date "1998.02.01"]
[Round "4"]
[White "Khaziyeva, Dinara"]
[Black "Gushuliak, Justin"]
[Result "1-0"]
[WhiteElo "1764"]
[BlackElo "1248"]
[PlyCount "58"]
[GameId "2160767911873993"]
[EventDate "1998.01.31"]
[EventType "swiss"]
[EventRounds "5"]
[EventCountry "CAN"]

1. e4 c5 2. Nf3 d6 3. d4 cxd4 4. Nxd4 Nf6 5. Nc3 g6 6. Be2 Bg7 7. O-O O-O 8. Nb3 Nc6 9. Re1 Bd7 10. Bf1 Rc8 11. Bg5 Ne5 12. Qc1 Nc4 13. Bxc4 Rxc4 14. Nd5 e6 15. Nc3 Qc7 16. Bh6 Bc6 17. Bxg7 Kxg7 18. Re3 Nxe4 19. Rh3 f5 20. Qh6+ Kg8 21. Re1 Re8 22. Na5 Qxa5 23. Qxh7+ Kf8 24. Rh6 Ng5 25. Qxg6 Nf7 26. Rh7 Re7 27. Rxe6 Bd5 28. Rxf7+ Rxf7 29. Qh6+ Rg7 1-0

[Event "CYCC-U12"]
[Site "Montreal CAN"]
[Date "1998.02.01"]
[Round "4"]
[White "Kovacs, Pal"]
[Black "Divljan, Igor"]
[Result "1-0"]
[WhiteElo "1904"]
[BlackElo "1966"]
[PlyCount "95"]
[GameId "2160767911873994"]
[EventDate "1998.01.31"]
[EventType "swiss"]
[EventRounds "5"]
[EventCountry "CAN"]

1. d4 f5 2. Nc3 d5 3. Nf3 Nf6 4. h3 e6 5. Bg5 Be7 6. e3 Nbd7 7. a3 a5 8. Na2 O-O 9. Bd3 Ne4 10. Bxe7 Qxe7 11. Qe2 b6 12. O-O Bb7 13. c4 g5 14. Nh2 Ndf6 15. Qe1 g4 16. hxg4 Nxg4 17. f3 Nxh2 18. Kxh2 Qd6+ 19. g3 dxc4 20. Bxe4 fxe4 21. f4 Rf6 22. Kg2 Rg6 23. Qe2 Qd7 24. Rg1 Qg7 25. Kf2 Bd5 26. Nc3 c6 27. a4 Rg4 28. Rg2 Kf7 29. Rh1 Rh8 30. Qc2 Qg6 31. Qd2 h5 32. Ne2 h4 33. Qe1 h3 34. Rgh2 Qf5 35. Rxh3 Rxh3 36. Rxh3 Rg7 37. Qh1 b5 38. axb5 cxb5 39. Kg2 Qg4 40. Kf2 Qf5 41. Kg2 b4 42. Qa1 Qg4 43. Ng1 Kf6 44. Qxa5 Qd1 45. Qd8+ Kg6 46. Qe8+ Kf6 47. Rh6+ Kf5 48. Qf8+ 1-0

[Event "CYCC-U12"]
[Site "Montreal CAN"]
[Date "1998.02.01"]
[Round "4"]
[White "Landry, Scott"]
[Black "Wang, Hao Yuan"]
[Result "0-1"]
[WhiteElo "1395"]
[BlackElo "2063"]
[PlyCount "84"]
[GameId "2160767911873995"]
[EventDate "1998.01.31"]
[EventType "swiss"]
[EventRounds "5"]
[EventCountry "CAN"]

1. e4 e6 2. Nc3 d5 3. exd5 exd5 4. Nf3 Nf6 5. Be2 Bd6 6. O-O O-O 7. d4 h6 8. Ne5 Bf5 9. Bf3 c6 10. Re1 Nbd7 11. Bf4 Qc7 12. a3 Rfe8 13. Qe2 Re7 14. Qd2 Nxe5 15. dxe5 Bxe5 16. Bxe5 Rxe5 17. Rxe5 Qxe5 18. Re1 Qd6 19. Ne2 Re8 20. c4 Bg4 21. Ng3 Rxe1+ 22. Qxe1 Bxf3 23. gxf3 g6 24. Qd2 Kg7 25. f4 Qc5 26. f5 Ne4 27. f6+ Nxf6 28. Qe3 d4 29. Qd3 Qe5 30. Kf1 Ng4 31. h4 h5 32. Kg2 f5 33. Nf1 Qf4 34. f3 Ne5 35. Qb3 b6 36. a4 d3 37. Qc3 Qxf3+ 38. Kg1 Qg4+ 39. Kh1 Qxh4+ 40. Nh2 Qe4+ 41. Kg1 Kh7 42. Kf2 Qe2+ 0-1

[Event "CYCC-U12"]
[Site "Montreal CAN"]
[Date "1998.02.01"]
[Round "4"]
[White "Tsui, Edwin"]
[Black "Ledent, Tristan"]
[Result "1-0"]
[WhiteElo "1239"]
[BlackElo "1599"]
[PlyCount "57"]
[GameId "2160767911873996"]
[EventDate "1998.01.31"]
[EventType "swiss"]
[EventRounds "5"]
[EventCountry "CAN"]

1. g3 e5 2. Bg2 d5 3. d3 c6 4. e3 Nf6 5. b3 Bd6 6. Bb2 O-O 7. Ne2 Re8 8. Nd2 Nbd7 9. O-O Nf8 10. c4 Be6 11. f4 exf4 12. Nxf4 Bxf4 13. exf4 Ng4 14. Qf3 Bf5 15. Rae1 dxc4 16. Rxe8 Qxe8 17. Nxc4 Qd7 18. Bh3 Re8 19. Ba3 Qd4+ 20. Kh1 Nf2+ 21. Rxf2 Bxh3 22. Nd2 Re1+ 23. Rf1 Bxf1 24. Nxf1 Qa1 25. Kg1 Qxa2 26. Bb4 Qxb3 27. Bxe1 Ne6 28. Nd2 Qa4 29. Qe3 1-0

[Event "CYCC-U12"]
[Site "Montreal CAN"]
[Date "1998.02.01"]
[Round "5"]
[White "Divljan, Igor"]
[Black "Khaziyeva, Dinara"]
[Result "1-0"]
[WhiteElo "1966"]
[BlackElo "1764"]
[PlyCount "97"]
[GameId "2160767911873997"]
[EventDate "1998.01.31"]
[EventType "swiss"]
[EventRounds "5"]
[EventCountry "CAN"]

1. d4 Nf6 2. Nf3 g6 3. Nbd2 Bg7 4. e4 d6 5. Bd3 O-O 6. O-O Nbd7 7. Re1 e6 8. Nf1 e5 9. c3 Ne8 10. Bd2 c6 11. Ng3 Qb6 12. Qb3 exd4 13. Qxb6 Nxb6 14. cxd4 Bg4 15. Bc3 Nc7 16. Rad1 a5 17. h3 Be6 18. Bc2 Nc8 19. a4 b5 20. b3 b4 21. Ba1 c5 22. d5 Bd7 23. Bxg7 Kxg7 24. e5 dxe5 25. Nxe5 Rd8 26. Be4 Nd6 27. Nc4 Ra6 28. Rc1 Bc8 29. Nxd6 Raxd6 30. Rxc5 Nxd5 31. Rxa5 Nc3 32. Ra8 Be6 33. Rxd8 Rxd8 34. a5 Nxe4 35. Rxe4 Ra8 36. Rxb4 Rxa5 37. Rb8 Ra1+ 38. Kh2 Rb1 39. b4 Bd5 40. Ne2 Rb3 41. Nd4 Rb2 42. Kg3 Kf6 43. b5 Ke5 44. Nf3+ Kd6 45. b6 h5 46. h4 Rb4 47. Rd8+ Kc5 48. Ne5 f5 49. Nd3+ 1-0